Statistics for 2017-18 Premier League Final Table

Click here to take the quiz!

General Stats

  • This quiz has been taken 12 times
  • The average score is 14 of 20

Answer Stats

PositionTeamWonDrewLostGF/GAGDPoints% Correct
1Manchester City3242106/2779100
100%
6Arsenal1961374/512363
88%
5Chelsea2171062/382470
88%
4Liverpool2112584/384675
88%
2Manchester United256768/284081
88%
3Tottenham Hotspur238774/363877
88%
15Brighton & Hove Albion9131634/54-2040
75%
8Everton13101544/58-1449
75%
10Newcastle United1281839/47-844
75%
17Southampton7151637/56-1936
75%
12Bournemouth11111645/61-1644
63%
11Crystal Palace11111645/55-1044
63%
9Leicester City12111556/60-447
63%
14Watford1181944/64-2041
63%
13West Ham United10121648/68-2042
63%
7Burnley14121236/39-354
50%
16Huddersfield Town9101928/58-3037
50%
20West Bromwich Albion6131931/56-2531
50%
19Stoke City7121935/68-3333
38%
18Swansea City892128/56-2833
38%

Score Distribution

Percentile by Number Answered

Percent of People with Each Score

Your Score History

You have not taken this quiz